000 00251nam a22001217a 4500
003 SGT
082 _a823
_bSIN
100 _aSINGH NIKITA
245 _aACCIDENTALLT IN LOVE
260 _aINDIA
_bPENGUIN PUB
_c2014
300 _a218
942 _2ddc
_cBK
999 _c33780
_d33780